000 03048nam a2200277Ia 4500
999 _c56341
_d56341
001 23454
003 GE_BSU
005 20260116193646.0
008 181216s1998||||ge |||||||||||||| ||geo||
040 _cGE_BSU
041 _ageo
080 _a94(479.22)"1918.05" + 325.8(479.22) ს-50
100 _aსილაგაძე, აპოლონ
_92412
245 _aსაქართველოს სახელმწიფოებრივი დამოუკიდებლობის აღდგენა 1917-1918 /
_cაპოლონ სილაგაძე, ვახტანგ გურული ; რედ.: ვალერიან მაჭარაძე.
264 _aთბილისი :
_bინტელექტი,
_c1998.
300 _a168 გვ. ;
_c20 სმ.
500 _aნაშრომის პირველ ნაწილში საარქივო დოკუმენტებისა და მასალებზე დაყრდნობით გაშუქებულია საქართველოს სახელმწიფოებრივი დამოუკიდებლობის აღდგენის ისტორია 1917-1918 წლებში
500 _aდახასიათებულია საქართველოში ეროვნული მოძრაობის ძირითადი ეტაპები 1801 წლიდან 1917 წლამდე. მეორე ნაწილი ეთმობა დოკუმენტებსა და მასალებს
520 _aნაშრომის პირველ ნაწილში საარქივო დოკუმენტებისა და მასალებზე დაყრდნობით გაშუქებულია საქართველოს სახელმწიფოებრივი დამოუკიდებლობის აღდგენის ისტორია 1917-1918 წლებში. დახასიათებულია საქართველოში ეროვნული მოძრაობის ძირითადი ეტაპები 1801 წლიდან 1917 წლამდე. მეორე ნაწილი ეთმობა დოკუმენტებსა და მასალებს
541 _h5 ლ.
653 _aისტორია
653 _a1918 წლის 26 მაისი -- საქართველოს დამოუკიდებლობის გამოცხადება
653 _aეროვნულ-განმათავისუფლებელი მოძრაობა საქართველოში. 1918-1921 წლები -- საქართველოს დემოკრატიული რესპუბლიკა
700 _aგურული, ვახტანგ
_eავტორი
_926699
942 _cBK
_2udc